000 00551nam a2200181Ia 4500
003 OSt
005 20260326104441.0
008 211028s2008 xx 000 0 und d
040 _cAIMIT LIBRARY
041 _aeng
082 _a658.3 RAFA
100 _aRafique, Amera;P G Aquinas.
_g60471303
_95860
245 _aA study on the recruitment practices followed at suman HR consultants pvt ltd Mumbai /.
260 _bP G Aquinas
_c2008
600 _aHuman Resource Management
_95861
650 _aHuman Resource Management
_95862
942 _2ddc
_cPRO
999 _c218045
_d218045